LEADER 01261nam a2200301 a 4500 001 991003200149707536 008 080121s2007 sz a b 100 0 eng d 020 $a9783039107889 035 $ab13647623-39ule_inst 040 $aDip.to Lingue$bita 082 4$a420.9 245 01$a"Of Varying Language and Opposing Creed" :$bNew Insights into Late Modern English /$cJavier Pérez-Guerra ... [et al.] 260 $aBern :$bP. Lang,$c2007 300 $a455 p. :$bill. ;$c23 cm 440 0$aLinguistic insights.$pStudies in Language and Communication ;$vv. 28 504 $aContiene riferimenti bibliografici 650 04$aLingua inglese$xGrammatica$vCongressi 650 04$aLingua inglese$xVariazioni$vCongressi 700 1 $aPérez-Guerra, Javier$eauthor$4http://id.loc.gov/vocabulary/relators/aut$0388972 700 1 $aGonzáles-Álvarez, Dolores 700 1 $aBueno-Alonso, Jorge L. 700 1 $aRama-Martinez, Esperanza 907 $a.b13647623$b02-04-14$c21-01-08 912 $a991003200149707536 945 $aLE012 420.9 PER$g1$i2012000257832$lle012$o-$pE0.00$q-$rl$s- $t0$u1$v0$w1$x0$y.i14653540$z21-01-08 996 $aOf Varying Language and Opposing Creed"$91463876 997 $aUNISALENTO 998 $ale012$b21-01-08$cm$da $e-$feng$gsz $h1$i0